Normal view
MARC view
- PHYSICS-STUDY AND TEACH
Entry Topical Term
001 - CONTROL NUMBER
- control field: 79906
003 - CONTROL NUMBER IDENTIFIER
- control field: NUST
005 - DATE AND TIME OF LATEST TRANSACTION
- control field: 20210628210542.0
008 - FIXED-LENGTH DATA ELEMENTS
- fixed length control field: 210628|| aca||aabn | a|a d
040 ## - CATALOGING SOURCE
- Original cataloging agency: NUST
- Transcribing agency: NUST
150 ## - HEADING--TOPICAL TERM
- Topical term or geographic name entry element: PHYSICS-STUDY AND TEACH
670 ## - SOURCE DATA FOUND
- Source citation: Work cat.: (NUST): Pratley, John.B 79905, Study notes for technicians physical science and physics, 1984
